00888nam a2200241 a 450000100100000000500170001000800410002702000150006804000250008308200180010810000410012624501460016725000170031326000400033030000280037050000420039850400290044065100450046965100320051465100320054665100420057870000260062000002172720200930011427.0100910s2003 pr c 000 0 spa d a1881715965 aDO-SdBNPbspacBNPHU a972.95bG216a1 aGarcía Leduc, José Manueld1944-10aApuntes para una historia breve de Puerto Rico (desde la prehistoria hasta 1898) /cJosé Manuel García LeduC ; corrección Carlos Rojas. a2a ed. corr. aSanto Domingo :bIsla Negra,c2003. a287 p. :bil. ;c23 cm. aIncluye datos biográficos del autor aBibliografía : 262-287 4aPuerto RicoxPolítica Y Gobiernoy1898 4aPuerto RicoxHistoriay1898 4aPuerto RicoxCivilización 4aPuerto RicoxCondiciones Económicas1 aRojas, Carlos,ecorr.